Engineering graphics & dragting (Record no. 8187)
[ view plain ]
| 000 -LEADER | |
|---|---|
| fixed length control field | 00281nam a2200121Ia 4500 |
| 008 - FIXED-LENGTH DATA ELEMENTS--GENERAL INFORMATION | |
| fixed length control field | 191201s2019 xx 000 0 und d |
| 100 ## - MAIN ENTRY--PERSONAL NAME | |
| Personal name | GILL, PS |
| 245 #0 - TITLE STATEMENT | |
| Title | Engineering graphics & dragting |
| 250 ## - EDITION STATEMENT | |
| Edition statement | rep |
| 260 ## - PUBLICATION, DISTRIBUTION, ETC. (IMPRINT) | |
| Name of publisher, distributor, etc | SK kataria |
| Place of publication, distribution, etc | NEW DELHI |
| 300 ## - PHYSICAL DESCRIPTION | |
| Extent | 830 |
| 942 ## - ADDED ENTRY ELEMENTS (KOHA) | |
| Source of classification or shelving scheme | Dewey Decimal Classification |
| Koha item type | Text Books |
| Withdrawn status | Lost status | Source of classification or shelving scheme | Damaged status | Not for loan | Collection code | Home library | Current library | Date acquired | Source of acquisition | Cost, normal purchase price | Bill Number | Total Checkouts | Full call number | Acc. no. / Barcode | Date last seen | Actual Cost, discounted price | Bill Date | Koha item type | Date last borrowed |
|---|---|---|---|---|---|---|---|---|---|---|---|---|---|---|---|---|---|---|---|
| Dewey Decimal Classification | Diploma in Mechanical | PIET C-LIBRARY | PIET C-LIBRARY | 18/05/2019 | KIRTI PRAKASHAN, NEW DELHI | 595.00 | IN3913 | 604.2 GIE | DE1350 | 04/12/2019 | 428.40 | 18/05/2019 | Text Books | ||||||
| Dewey Decimal Classification | Diploma in Mechanical | PIET C-LIBRARY | PIET C-LIBRARY | 18/05/2019 | KIRTI PRAKASHAN, NEW DELHI | 595.00 | IN3913 | 1 | 604.2 GIE | DE1351 | 24/12/2019 | 428.40 | 18/05/2019 | Text Books | 19/12/2019 |